Occupational pattern and wage structure in Poona industries (Record no. 17523)

MARC details
000 -LEADER
fixed length control field 00402nam a2200145Ia 4500
082 ## - DEWEY DECIMAL CLASSIFICATION NUMBER
Classification number TR.0106
100 ## - MAIN ENTRY--AUTHOR NAME
Personal name Rabindra Nath
245 #0 - TITLE STATEMENT
Title Occupational pattern and wage structure in Poona industries
260 ## - PUBLICATION, DISTRIBUTION, ETC. (IMPRINT)
Year of publication 1971
Name of publisher Agra University
300 ## - PHYSICAL DESCRIPTION
Number of Pages 503p. + C D - 53
650 ## - SUBJECT ADDED ENTRY--TOPICAL TERM
Topical Term WAGES - MAHARASHTRA - POONA
650 ## - SUBJECT ADDED ENTRY--TOPICAL TERM
Topical Term OCCUPATIONS - MAHARASHTRA - POONA
710 ## - ADDED ENTRY--CORPORATE NAME
Corporate name or jurisdiction name as entry element Sethi, T.T.
942 ## - ADDED ENTRY ELEMENTS (KOHA)
Koha item type Thesis
Source of classification or shelving scheme Dewey Decimal Classification
Holdings
Withdrawn status Lost status Damaged status Not for loan Home library Current library Date acquired Full call number Accession Number Price effective from Koha item type
        NASSDOC Library NASSDOC Library 08/10/2004 TR.0106 5665 18/04/2019 Thesis